Endangered animals A-Z - Statistics

General Stats
  • This quiz has been taken 15 times
  • The average score is 14 of 26
Answer Stats
Picture Hint Answer % Correct
C Chimpanzee
100%
G Giant Panda
92%
J Jaguar
77%
O Orangutan
77%
T Tapir
77%
Y Yak
77%
Z Zebra
77%
B Bactrian Camel
69%
Q Quetzal
62%
A Addax
54%
F Fossa
54%
P Proboscis Monkey
54%
S Sun Bear
54%
D Dhole
46%
M Monk Seal
46%
E Echnida
38%
H Hyacinth Macaw
38%
I Indri
38%
L Lesser Panda
38%
V Vicuna
38%
K Key Deer
31%
N Northern Bald Ibis
31%
R Ruffed Lemur
31%
W Wisent
31%
X Xenopoecilus
31%
U Uakari
15%
No matching quizzes found
Score Distribution
Percent of People with Each Score
Percentile by Number Answered
Your Score History
You have not taken this quiz